Theory and Practice of Educational administration. (Record no. 2807)

MARC details
000 -LEADER
fixed length control field 00506nam a22001937a 4500
003 - CONTROL NUMBER IDENTIFIER
control field OSt
005 - DATE AND TIME OF LATEST TRANSACTION
control field 20151203150245.0
008 - FIXED-LENGTH DATA ELEMENTS--GENERAL INFORMATION
fixed length control field 151203b xxu||||| |||| 00| 0 eng d
020 ## - INTERNATIONAL STANDARD BOOK NUMBER
International Standard Book Number 0333314891
040 ## - CATALOGING SOURCE
Transcribing agency DDC.
082 ## - DEWEY DECIMAL CLASSIFICATION NUMBER
Classification number 371 MUS1982
100 ## - MAIN ENTRY--PERSONAL NAME
Personal name Musaazi J.C.S
9 (RLIN) 1458
245 ## - TITLE STATEMENT
Title Theory and Practice of Educational administration.
260 ## - PUBLICATION, DISTRIBUTION, ETC. (IMPRINT)
Place of publication, distribution, etc. Nigeria;
Name of publisher, distributor, etc. macmillan.
Date of publication, distribution, etc. 1982.
300 ## - PHYSICAL DESCRIPTION
Extent 276p;
504 ## - BIBLIOGRAPHY, ETC. NOTE
Bibliography, etc includes index .
650 ## - SUBJECT ADDED ENTRY--TOPICAL TERM
Topical term or geographic name as entry element Educational Administration.
9 (RLIN) 6435
942 ## - ADDED ENTRY ELEMENTS (KOHA)
Source of classification or shelving scheme Dewey Decimal Classification
Koha item type Short Loan
Holdings
Withdrawn status Lost status Source of classification or shelving scheme Damaged status Not for loan Home library Current library Date acquired Source of acquisition Inventory number Total Checkouts Full call number Barcode Date last seen Price effective from Koha item type
    Dewey Decimal Classification     MUST Main Library MUST Main Library 03/12/2015   04/21213   371 MUS1982 2015-2917 03/12/2015 03/12/2015 Short Loan